Growing Cities in Alabama - Statistics

General Stats
  • This quiz has been taken 18 times
  • The average score is 6 of 10
Answer Stats
Population Population Gained City % Correct
215,006 34,636 Huntsville
100%
99,600 9,372 Tuscaloosa
100%
76,143 22,717 Auburn
86%
92,606 12,129 Hoover
64%
27,462 5,824 Daphne
50%
56,933 13,740 Madison
50%
38,816 6,006 Phenix City
43%
31,125 7,360 Northport
29%
22,477 6,226 Fairhope
21%
26,123 6,164 Trussville
7%
No matching quizzes found
Score Distribution
Percent of People with Each Score
Percentile by Number Answered
Your Score History
You have not taken this quiz